<?xml version="1.0" encoding="UTF-8"?>
<marc:record xmlns:marc="http://www.loc.gov/MARC21/slim">
   <marc:leader>00000nam a2200000 a 4500</marc:leader>
   <marc:datafield ind1="1" ind2=" " tag="100">
      <marc:subfield code="a">Hill, Jonah</marc:subfield>
      <marc:subfield code="4">aut</marc:subfield>
      <marc:subfield code="e">Verfasser/-in</marc:subfield>
   </marc:datafield>
   <marc:datafield ind1="1" ind2=" " tag="100">
      <marc:subfield code="a">Smith, Na-kel</marc:subfield>
   </marc:datafield>
   <marc:datafield ind1="1" ind2=" " tag="100">
      <marc:subfield code="a">Waterston, Katherine</marc:subfield>
   </marc:datafield>
   <marc:datafield ind1="1" ind2=" " tag="100">
      <marc:subfield code="a">Hedges, Lucas</marc:subfield>
   </marc:datafield>
   <marc:datafield ind1="1" ind2=" " tag="100">
      <marc:subfield code="a">Suljic, Sunny</marc:subfield>
   </marc:datafield>
   <marc:datafield ind1="1" ind2=" " tag="100">
      <marc:subfield code="a">Prenatt, Olan</marc:subfield>
   </marc:datafield>
   <marc:datafield ind1="0" ind2="0" tag="245">
      <marc:subfield code="a">Mid90s</marc:subfield>
   </marc:datafield>
   <marc:datafield ind1="0" ind2="0" tag="245">
      <marc:subfield code="c">Schauspieler: Olan  Prenatt, Sunny  Suljic, Lucas Hedges, Katherine Waterston, Na-kel  Smith; Produktion:  Lila  Yacoub, Jonah  Hill, Ken Kao, Scott Rudin; Kamera: Christopher Blauvelt; Drehbuch: Jonah  Hill; Regie: Jonah  Hill</marc:subfield>
   </marc:datafield>
   <marc:datafield ind1=" " ind2="1" tag="264">
      <marc:subfield code="a">Potsdam</marc:subfield>
      <marc:subfield code="b">filmwerte GmbH</marc:subfield>
      <marc:subfield code="c">2023</marc:subfield>
   </marc:datafield>
   <marc:datafield ind1="1" ind2=" " tag="520">
      <marc:subfield code="a">Jonah Hills (THE WOLF OF WALL STREET, DON&#x92;T LOOK UP) Regiedebüt ist eine Zeitreise mitten in die 90er. Eine Zeit, in der Skateboarden sportliche Konventionen sprengte und man mit Mixtapes Mädels "beeindrucken" konnte. Stevie ist 13 und wächst unter schwierigen Verhältnissen in Los Angeles auf. Seine Tage verbringt er mit &#x84;Street Fighter II&#x93; zocken und heimlich die CD-Sammlung seines großen Bruders rauf und runter hören. Als er anfängt, mit den Jungs vom Local Skateshop abzuhängen, öffnet sich ihm eine völlig neue Welt: Skaten an verbotenen Plätzen, Abhauen vor der Polizei, Hauspartys und natürlich Girls. Befreit aus der Umklammerung seiner alleinerziehenden Mutter und den Prügeln seines Bruders, fühlt sich Stevie unbesiegbar &#x96; bis er merkt, dass auch seine Idole auf die Schnauze fliegen können. Und das nicht nur beim Skaten.</marc:subfield>
   </marc:datafield>
   <marc:datafield ind1=" " ind2=" " tag="300">
      <marc:subfield code="a">1 Online-Ressource (82 min), Bild: 4:3 HD</marc:subfield>
   </marc:datafield>
</marc:record>
